00768nam a2200205 i 450000100060000000300090000600500170001500700030003200800410003510000250007624500860010126000520018730000220023949000480026165000380030983000560034785200210040399900170042495201210044158072ES-MaACL20250822035246.0t|031020s1920 fr ||||1| fre d1 aDuprat, G. L.94611413aLa psychologie sociale b: sa nature et ses principales lois / cpar G.L. Duprat. aParís : bOctave Doin, c1920 (fJouve et C.) a369 p. ; c18 cm.1 aBibliothèque de psychologie experimentale07aPsicología social2embne9165730 aBibliothèque de psychologie experimentale9230459 aES-MaACLjD-4335 c58072d58072 00104070aATENEOMbATENEOMcSVId2008-01-17eSCl0oD-4335p901060944r2023-02-23 00:00:00w2023-02-23yMONOGRAFIA